Statistics for State Capitals Closest to Washington, D.C.

Click here to take the quiz!

General Stats

  • This quiz has been taken 150 times
    (148 since last reset)
  • The average score is 13 of 20

Answer Stats

Distance Capital Distance % Correct
28Annapolis45
95%
98Richmond158
89%
83Dover133
87%
95Harrisburg153
82%
309Albany498
80%
253Charleston406
79%
151Trenton243
78%
231Raleigh372
73%
328Columbus528
73%
394Boston634
68%
302Hartford486
64%
357Providence575
62%
399Columbia642
58%
544Atlanta876
54%
493Indianapolis793
50%
428Frankfort689
48%
436Montpelier701
45%
531Augusta855
45%
413Concord664
42%
474Lansing763
39%

Score Distribution

Percentile by Number Answered

Percent of People with Each Score

Your Score History

You have not taken this quiz since the last reset